Modelación de riesgos (Registro nro. 34652)
[ vista simple ]
| 000 -CABECERA | |
|---|---|
| Longitud fija campo de control | 00600nam a22002057a 4500 |
| 003 - IDENTIFICADOR DELl NÚMERO DE CONTROL | |
| Identificador del número de control | OSt |
| 005 - FECHA Y HORA DE LA ÚLTIMA TRANSACCIÓN | |
| Fecha y hora de la última transacción | 20240213231641.0 |
| 008 - CÓDIGOS DE INFORMACIÓN DE LONGITUD FIJA | |
| Códigos de información de longitud fija | 240213b ||||| |||| 00| 0 eng d |
| 020 ## - NÚMERO INTERNACIONAL NORMALIZADO PARA LIBROS | |
| Número Internacional Normalizado para Libros (ISBN) | 978-17-34497373 |
| 040 ## - FUENTE DE LA CATALOGACIÓN | |
| Centro catalogador de origen | BMC |
| Centro transcriptor | BMC |
| 082 ## - NÚMERO DE LA CLASIFICACIÓN DECIMAL DEWEY | |
| Númeroo de clasificación | 658.155 |
| 100 1# - PUNTO DE ACCESO PRINCIPAL-NOMBRE DE PERSONA | |
| 9 (RLIN) | 48108 |
| Nombre de persona | Mun, Johnathan |
| 245 10 - MENCIÓN DE TÍTULO | |
| Título | Modelación de riesgos |
| Mención de responsabilidad, etc. | Johnathan Mun; [traducción, Julián Meléndez, et al] |
| 250 ## - MENCIÓN DE EDICIÓN | |
| Mención de edición | 3ª ed |
| 260 ## - PUBLICACIÓN, DISTRIBUCIÓN, ETC. (PIE DE IMPRENTA) | |
| Lugar de publicación, distribución, etc. | EEUU |
| Nombre del editor, distribuidor, etc. | IIPER |
| Fecha de publicación, distribución, etc. | cop. 2015-2016 |
| 300 ## - DESCRIPCIÓN FÍSICA | |
| Extensión | XXXIII, 608 p. |
| Dimensiones | 25 cm |
| 650 24 - PUNTO DE ACCESO ADICIONAL DE MATERIA - TÉRMINO DE MATERIA | |
| 9 (RLIN) | 8578 |
| Término de materia o nombre geográfico como elemento inicial | Gestión del riesgo |
| 700 1# - PUNTO DE ACCESO ADICIONAL - NOMBRE DE PERSONA | |
| 9 (RLIN) | 48109 |
| Nombre de persona | Meléndez, Julián |
| 942 ## - ENTRADA DE ELEMENTOS AGREGADOS (KOHA) | |
| Fuente de clasificaión o esquema | Dewey Decimal Classification |
| Koha [por defecto] tipo de item | 1- Monografias |
| Parte de clasificación | prozim |
| Suprimido | Perdido | Fuente de clasificación o esquema | Estropeado | Restricciones de uso | No para préstamo | Código de colección | Localización permanente | Localización actual | Localización en estanter&íacute;as | Fecha adquisición | Fuente de adquisición | Número de inventario | Préstamos totales | Signatura completa | Código de barras | Fecha última consulta | Coste, precio reemplazado | Fecha del precio de reemplazo | Tipo de item de Koha |
|---|---|---|---|---|---|---|---|---|---|---|---|---|---|---|---|---|---|---|---|
| NULL | NULL | Dewey Decimal Classification | NULL | Prestable | NULL | NULL | Biblioteca Miguel de Cervantes - UNICAES | Biblioteca Miguel de Cervantes - UNICAES | Sala Principal | 20/12/2023 | Compra-Facultad de Ciencias Empresariales | 035520 | 658.155 MUN mod | 1051292 | 22/02/2024 | 50.00 | 22/02/2024 | 1- Monografias | |
| NULL | NULL | Dewey Decimal Classification | NULL | Prestable | NULL | NULL | Biblioteca Miguel de Cervantes - UNICAES | Biblioteca Miguel de Cervantes - UNICAES | Sala Principal | 20/12/2023 | Compra-Facultad de Ciencias Empresariales | 035521 | 658.155 MUN mod | 1051293 | 22/02/2024 | 50.00 | 22/02/2024 | 1- Monografias | |
| NULL | NULL | Dewey Decimal Classification | NULL | Prestable | NULL | NULL | Biblioteca Miguel de Cervantes - UNICAES | Biblioteca Miguel de Cervantes - UNICAES | Sala Principal | 20/12/2023 | Compra-Facultad de Ciencias Empresariales | 035522 | 658.155 MUN mod | 1051294 | 22/02/2024 | 50.00 | 22/02/2024 | 1- Monografias |